000 00454nam a2200181Ia 4500
001 26273
003 IN-NITTTR
005 20251114233331.0
008 251113s9999||||xx |||||||||||||| ||eng||
040 _beng
040 _cIN-NITTTR
041 _aeng
082 _a625 C34P
100 _aChakroborty, Partha
245 0 _aPrinciples of transportation engineering /
_cChakroborty, Partha, Das, Animesh
700 _a Das, Animesh
942 _2ddc
_cBK
999 _c28902
_d28902